Černák: Na chuligánov na štadiónoch s priemyslovými kamerami ...

Podrobná bibliografia
Hlavní autori: Pavlík, Radovan (Autor, Tazateľ), Černák, Ľudovít, 1951- (Autor)
Médium: Článok
Jazyk:slovenčina
PhysicalDescription:Fotogr.
ISSN:1335-4426
Predmet:

MARC

LEADER 00000nab a2200000 ar4500
001 vtls009167591
003 SK-MaSNL
005 20260426071053.0
008 071214c2007 xo wr|p|||||||000 b|slo
015 |a SNBRB2007/12  |2 snkbucl 
040 |a SNKBUCL  |b slo  |c SNKBUCL  |e AACR2 
041 0 |a slo 
044 |a xo  |c SK 
080 |a 796.073:343.343.3  |2 2001 
080 |a 796.332  |2 2001 
080 |a 316.454.56  |2 2001 
100 1 |a Pavlík, Radovan  |4 ivr  |4 aut  |9 764267 
245 1 0 |a Černák: Na chuligánov na štadiónoch s priemyslovými kamerami ...  |c Radovan Pavlík, Ľudovít Černák 
300 |b Fotogr. 
500 |a Do č. 5 vychádzalo periodikum ako Domino fórum 
610 2 7 |a ŠK Slovan Bratislava (Slovensko : futbalový klub)  |2 snkbucl  |9 176904 
650 0 7 |a futbal  |2 snkbucl  |9 3291 
650 0 7 |a športoví fanúšikovia  |x agresivita  |2 snkbucl  |9 1224292 
650 0 7 |a chuligánstvo  |2 snkbucl  |9 1060324 
651 7 |a Slovensko  |2 snkbucl  |9 14231 
700 1 |a Černák, Ľudovít,  |d 1951-  |4 ive  |4 aut  |9 224694 
773 0 |t Domino efekt  |g Roč. XVI, č. 41 (2007), s. 16-19  |x 1335-4426 
852 |a SNK  |b KIS3GCP 
958 |a SK 
999 |c 2674521  |d 2676451